Communication networks : fundamental concepts and key architectures (Record no. 8249)
[ view plain ]
| 000 -LEADER | |
|---|---|
| fixed length control field | 00683 a2200193 4500 |
| 020 ## - INTERNATIONAL STANDARD BOOK NUMBER | |
| International Standard Book Number | 0070228396 |
| 040 ## - CATALOGING SOURCE | |
| Original cataloging agency | DLC |
| 082 00 - DEWEY DECIMAL CLASSIFICATION NUMBER | |
| Classification number | 621.382/1 |
| 100 1# - MAIN ENTRY--PERSONAL NAME | |
| Personal name | Leon-Garcia, Alberto. |
| 245 10 - TITLE STATEMENT | |
| Title | Communication networks : fundamental concepts and key architectures |
| Remainder of title | fundamental concepts and key architectures |
| Statement of responsibility, etc. | Albert Leon-Garcia, Indra Widjaja. |
| 260 ## - PUBLICATION, DISTRIBUTION, ETC. | |
| Place of publication, distribution, etc. | Boston : |
| Name of publisher, distributor, etc. | McGraw-Hill, |
| Date of publication, distribution, etc. | c2000. |
| 300 ## - PHYSICAL DESCRIPTION | |
| Extent | xxiii, 867 p. : |
| Other physical details | ill. ; |
| Dimensions | 24 cm. |
| 440 #0 - SERIES STATEMENT/ADDED ENTRY--TITLE | |
| Title | McGraw-Hill series in computer science |
| 650 #0 - SUBJECT ADDED ENTRY--TOPICAL TERM | |
| Topical term or geographic name entry element | Telecommunication systems. |
| 650 #0 - SUBJECT ADDED ENTRY--TOPICAL TERM | |
| Topical term or geographic name entry element | Computer networks. |
| 650 #0 - SUBJECT ADDED ENTRY--TOPICAL TERM | |
| Topical term or geographic name entry element | Computer network architectures. |
| 700 1# - ADDED ENTRY--PERSONAL NAME | |
| Personal name | Widjaja, Indra, |
| Dates associated with a name | 1960- |
| 942 ## - ADDED ENTRY ELEMENTS (KOHA) | |
| Koha item type | Book |
| Call number prefix | 621.3821 LEO |
| Source of classification or shelving scheme | |
| Withdrawn status | Lost status | Damaged status | Not for loan | Collection code | Permanent Location | Current Location | Shelving location | Date acquired | Source of acquisition | Cost, normal purchase price | Total Checkouts | Full call number | Barcode | Date last seen | Price effective from | Koha item type |
|---|---|---|---|---|---|---|---|---|---|---|---|---|---|---|---|---|
| Central Library (CL) | Central Library (CL) | General Stacks | 04/04/2002 | Allied Book Company | 1250.00 | 621.3821 LEO | SEECS001982 | 11/14/2012 | 01/05/2017 | Book | ||||||
| Central Library (CL) | Central Library (CL) | General Stacks | 04/04/2002 | Allied Book Company | 1250.00 | 621.3821 LEO | SEECS001983 | 11/14/2012 | 01/05/2017 | Book |
